Pokemon Quiz für Experten - Statistiken

Allgemein
  • Dieses Quiz wurde 1.047 mal gespielt
  • Das Durchschnittsergebnis liegt bei 14 aus 30
Antwortstatistiken
Aus welcher Genereation kommt Hint Antwort % Korrekt
Aus welcher Generation kommt Marill 2
99%
Aus welcher Generation kommt Schmerbe 3
99%
Aus welcher Generation kommt Folikon 5
98%
Aus welcher Generation kommt Bithora 6
98%
Aus welcher Generation kommt Mitodos 5
97%
Diese Pokemon Edition aus der Hauptreihe ist besonders Keine Auswahl bei dem Starter Pokemon Gelbe Edition
72%
Diese Attacke ist vom Typ Wangenrubbler Elektro
71%
Diese Pokemon Edition aus der Hauptreihe ist besonders Es existieren die meisten Rivalen - 4 Pokemon X & Y
64%
Diese Pokemon Edition aus der Hauptreihe ist besonders Erstmals ein Mädchen spielbar Kristall Edition
56%
Diese Pokemon-Typen sind besonders Meiste Resistenzen Stahl
55%
Diese Pokemon-Typen sind besonders Es gibt noch keine Arena Unlicht
54%
Diese Attacke ist vom Typ Scheinwerfer Psycho
50%
Pokemon mit den Höchsten Basiswerten Gesamt Arceus
49%
Diese Pokemon-Typen sind besonders Es existieren mehr Attacken als Pokemon Normal
49%
Pokemon mit den Höchsten Basiswerten KP Heiteira
41%
Diese Attacke ist vom Typ Hilfsmechanik Stahl
40%
Dieses Pokemon erlernt durch Levelaufstieg Blockbefehl Honweisel
34%
Diese Attacke ist vom Typ Tatami-Schild Kampf
34%
Diese Pokemon-Typen sind besonders Alle Attacken haben 100% Genauigkeit Geist
32%
Diese Attacke ist vom Typ Panzerfalle Feuer
30%
Diese Pokemon-Typen sind besonders Am meisten Cover-Pokemon vertretene Typ Flug
30%
Dieses Pokemon erlernt durch Levelaufstieg Elektropikser Togedemaru
28%
Pokemon mit den Höchsten Basiswerten Verteidigung Pottrott
23%
Pokemon mit den Höchsten Basiswerten Initiative Ninjask
19%
Pokemon mit den Höchsten Basiswerten Sp. Verteidigung Pottrott
18%
Dieses Pokemon erlernt durch Levelaufstieg Stärke Machomei
17%
Dieses Pokemon erlernt durch Levelaufstieg Pulverschleuder Vivillon
9%
Pokemon mit den Höchsten Basiswerten Angriff Katagami
8%
Dieses Pokemon erlernt durch Levelaufstieg Überheblichkeit Rabigator
7%
Pokemon mit den Höchsten Basiswerten Sp. Angriff Voltriant
6%
Keine übereinstimmenden Quizze gefunden
Verteilung der Resultate
Anzahl Personen mit jedem Resultat
Perzentil nach korrekt beantworteten Fragen
Ihre Resultats-Entwicklung
Sie haben dieses Quiz noch nicht gespielt